MARC details
| 000 -LEADER |
| fixed length control field |
01735cam a22004814a 4500 |
| 001 - CONTROL NUMBER |
| control field |
muse86572 |
| 003 - CONTROL NUMBER IDENTIFIER |
| control field |
MdBmJHUP |
| 005 - DATE AND TIME OF LATEST TRANSACTION |
| control field |
20210127151716.0 |
| 006 - FIXED-LENGTH DATA ELEMENTS--ADDITIONAL MATERIAL CHARACTERISTICS |
| fixed length control field |
m o d |
| 007 - PHYSICAL DESCRIPTION FIXED FIELD--GENERAL INFORMATION |
| fixed length control field |
cr||||||||nn|n |
| 008 - FIXED-LENGTH DATA ELEMENTS--GENERAL INFORMATION |
| fixed length control field |
750226s1975 ncu o 00 0 eng d |
| 010 ## - LIBRARY OF CONGRESS CONTROL NUMBER |
| Canceled/invalid LC control number |
75005995 |
| 020 ## - INTERNATIONAL STANDARD BOOK NUMBER |
| International Standard Book Number |
9781469658193 |
| 020 ## - INTERNATIONAL STANDARD BOOK NUMBER |
| Canceled/invalid ISBN |
0807880841 |
| 020 ## - INTERNATIONAL STANDARD BOOK NUMBER |
| Canceled/invalid ISBN |
9781469658186 |
| 035 ## - SYSTEM CONTROL NUMBER |
| System control number |
(OCoLC)1155222031 |
| 040 ## - CATALOGING SOURCE |
| Original cataloging agency |
MdBmJHUP |
| Transcribing agency |
MdBmJHUP |
| 041 0# - LANGUAGE CODE |
| Language code of text/sound track or separate title |
engger |
| 043 ## - GEOGRAPHIC AREA CODE |
| Geographic area code |
e-gx--- |
| 050 04 - LIBRARY OF CONGRESS CALL NUMBER |
| Classification number |
PT2440.N72 |
| Item number |
Z79 |
| 082 0# - DEWEY DECIMAL CLASSIFICATION NUMBER |
| Classification number |
193 |
| 100 1# - MAIN ENTRY--PERSONAL NAME |
| Personal name |
Reichert, Herbert W. |
| Fuller form of name |
(Herbert William), |
| Dates associated with a name |
1917-1978. |
| 245 10 - TITLE STATEMENT |
| Title |
Friedrich Nietzsche's Impact on Modern German Literature |
| Remainder of title |
Five Essays / |
| Statement of responsibility, etc. |
by Herbert W. Reichert. |
| 264 #1 - PRODUCTION, PUBLICATION, DISTRIBUTION, MANUFACTURE, AND COPYRIGHT NOTICE |
| Name of producer, publisher, distributor, manufacturer |
University of North Carolina Press, |
| 264 #3 - PRODUCTION, PUBLICATION, DISTRIBUTION, MANUFACTURE, AND COPYRIGHT NOTICE |
| Name of producer, publisher, distributor, manufacturer |
Project MUSE, |
| 300 ## - PHYSICAL DESCRIPTION |
| Extent |
1 online resource (xix, 129 p. p. 127-129 advertisements) : |
| Other physical details |
port. ; |
| 500 ## - GENERAL NOTE |
| General note |
English or German. |
| 504 ## - BIBLIOGRAPHY, ETC. NOTE |
| Bibliography, etc. note |
"The writings of Herbert W. Reichert": p. 119-126. |
| 506 0# - RESTRICTIONS ON ACCESS NOTE |
| Terms governing access |
Open Access |
| Standardized terminology for access restriction |
Unrestricted online access |
| Source of term |
star |
| 588 ## - SOURCE OF DESCRIPTION NOTE |
| Source of description note |
Description based on print version record. |
| 600 11 - SUBJECT ADDED ENTRY--PERSONAL NAME |
| Personal name |
Nietzsche, Friedrich Wilhelm, |
| Dates associated with a name |
1844-1900 |
| General subdivision |
Influence. |
| 650 #0 - SUBJECT ADDED ENTRY--TOPICAL TERM |
| Topical term or geographic name entry element |
Philosophy in literature. |
| 650 #0 - SUBJECT ADDED ENTRY--TOPICAL TERM |
| Topical term or geographic name entry element |
Negativity (Philosophy) in literature. |
| 650 #0 - SUBJECT ADDED ENTRY--TOPICAL TERM |
| Topical term or geographic name entry element |
German literature |
| Chronological subdivision |
20th century |
| General subdivision |
History and criticism. |
| 655 #7 - INDEX TERM--GENRE/FORM |
| Genre/form data or focus term |
Electronic books. |
| Source of term |
local |
| 710 2# - ADDED ENTRY--CORPORATE NAME |
| Corporate name or jurisdiction name as entry element |
Project Muse. |
| Relator term |
distributor |
| 830 #0 - SERIES ADDED ENTRY--UNIFORM TITLE |
| Uniform title |
Book collections on Project MUSE. |
| 856 40 - ELECTRONIC LOCATION AND ACCESS |
| Public note |
Full text available: |
| Uniform Resource Identifier |
<a href="https://muse.jhu.edu/book/75735/">https://muse.jhu.edu/book/75735/</a> |